| 000 | 01592cam a2200373 4500 | ||
|---|---|---|---|
| 999 |
_c130246 _d130246 |
||
| 001 | 3127787 | ||
| 003 | ARRUPE | ||
| 005 | 20200131113453.0 | ||
| 008 | 711227s1971 nyua b 001 0ceng | ||
| 010 | _a 70162796 | ||
| 020 | _a0393054454 | ||
| 040 |
_aDLC _cDLC _dDLC |
||
| 043 | _ae-uk--- | ||
| 050 | 0 | 0 |
_aDA554 _b.E68 1971b |
| 082 | 0 | 0 |
_a941.081/0922 _aB |
| 100 | 1 |
_aEpton, Nina. _949231 |
|
| 245 | 1 | 0 |
_aVictoria and her daughters _c[by] Nina Epton. |
| 260 |
_aLondon, _bWeidenfeld and Nicolson _c[1971] |
||
| 300 |
_a252 p. _billus. _c22 cm. |
||
| 504 | _aBibliography: p. 241-244. | ||
| 600 | 0 | 0 |
_aVictoria, _cQueen of Great Britain, _d1819-1901 _xFamily. _949112 |
| 600 | 0 | 0 |
_aVictoria, _cEmpress, consort of Frederick III, German Emperor, _d1840-1901. _949129 |
| 600 | 0 | 0 |
_aAlice, _cGrand Duchess, consort of Ludwig IV, Grand Duke of Hesse-Darmstadt, _d1843-1878. _949232 |
| 600 | 0 | 0 |
_aHelena Augusta Victoria, _cPrincess Christian of Schleswig-Holstein, _d1846-1923. _949233 |
| 600 | 0 | 0 |
_aLouise, _cPrincess, Duchess of Argyll, _d1848-1939. _949234 |
| 600 | 0 | 0 |
_aBeatrice, _cPrincess Henry of Battenberg, _d1857-1944. _949235 |
| 650 | 0 |
_aMarriages of royalty and nobility _zGreat Britain _xHistory _y19th century. _949236 |
|
| 650 | 0 |
_aMothers and daughters _zGreat Britain _xHistory _y19th century. _949237 |
|
| 650 | 0 |
_aPrincesses _zGreat Britain _vBiography. _948969 |
|
| 650 | 0 |
_aQueens _zGreat Britain _vBiography. _949238 |
|
| 651 | 0 |
_aGreat Britain _xHistory _yVictoria, 1837-1901 _vBiography. _949239 |
|
| 906 |
_a7 _bcbc _corignew _d2 _encip _f19 _gy-gencatlg |
||
| 942 |
_2lcc _cMONOGRAPH |
||